| 000 | 01412cab a2200229 4500 | ||
|---|---|---|---|
| 001 | ABS38111 | ||
| 008 | 090401t1987 xxu||||| |||| 00| 0 eng d | ||
| 035 | _a(Sirsi) u8777 | ||
| 041 | _aeng | ||
| 100 | _aAdams, D. | ||
| 245 | 4 | _aThe nature of demand for small premises | |
| 260 | _c1987 | ||
| 350 | _a0 | ||
| 490 |
_aEstates Gazette _v283(6345) 1 August 1987, 533-535((3) |
||
| 520 | _aDescribes how the shortage of small industrial premises during the late 1970s was met in part by the Government`s Small Workshops Scheme introduced in 1980. This was not totally successful; the Government`s continuing emphasis on promotion of small firms will therefore need corresponding research into their needs to be successful. An example is given of research undertaken at Manchester University where interviews were conducted with 77 small companies in the Greater Manchester region. Details are given of the findings in respect of location, floorspace, tenure preferences, rents, premises and common services. Concludes that the nature of demand for small industrial units is highly specialised and future assistance should be targeted towards providing basic modern accommodation in the middle range of the market. Tables. | ||
| 650 | _aINDUSTRIAL PROPERTY | ||
| 650 | _aSMALL BUSINESSES | ||
| 650 | _aTENANTS REQUIREMENTS | ||
| 690 | _aPROPERTY-COMMERCIAL PROPERTY | ||
| 942 | _n0 | ||
| 948 | _c04/03/1997 | ||
| 999 |
_c5440 _d5440 |
||